00826nam a2200265Ia 450000500170000000800410001702000190005810000280007724500610010525000190016630000270018549000130021265000370022565000400026265000380030270000260034094200150036626400300038133600270041133700330043833800280047104000350049908400110053499900150054520220317001042.0160825s2007 sp g 000 0 spa  a978848310510121 aVian, Boris d1920-195913aLa hierba rojacBoris Vian ; traducido por Jordi Martí a3a. edición  a194 páginas c19 cm  aFábula142LEMBaNovela francesa ySiglo XX142LEMBaLiteratura francesaySiglo XX142LEMBaAventuras en la literatura 1 aMartí, Jordi911363 2loccBKLIT aBarcelonabTusquetsc2007 atextobtxt2rdacontent asin mediaciónbn2rdamedia avolumenbnc2rdacarrier aCO-BoRNBPbspaerdacCO-BoRNBP aN VIA2 c5790d5790